| 000 | 00516nam a2200181Ia 4500 | ||
|---|---|---|---|
| 008 | 220216s9999 xx 000 0 und d | ||
| 100 | _aAbraham Elizabeth K | ||
| 245 | 0 | _aRelease of dithiocarbamates into sweat from natural rubber latex surgical gloves | |
| 260 |
_bRubber Chemistry and Technology _c2005 |
||
| 300 | _a674-681 | ||
| 650 | _aNatural rubber latex | ||
| 650 | _aSurgical gloves | ||
| 700 | _aJoseph R | ||
| 700 | _aMohanan P V | ||
| 700 | _aRamesh P | ||
| 700 | _aRemakumari V M | ||
| 942 | _cJS | ||
| 999 |
_c66719 _d66719 |
||